Weed-crop interaction in the sugarcane-peanut intercropping system

Đã lưu trong:
书目详细资料
主要作者: Jody Moenandir
格式: 图书
语言:Undetermined
出版: Malang, Australia Univ. of Brawijaya 1985
主题:
标签: 添加标签
没有标签, 成为第一个标记此记录!
Thư viện lưu trữ: Trung tâm Học liệu Trường Đại học Cần Thơ
LEADER 00563nam a2200181Ia 4500
001 CTU_44110
008 210402s9999 xx 000 0 und d
082 |a 633.6195 
082 |b M693/1985 
100 |a Jody Moenandir 
245 0 |a Weed-crop interaction in the sugarcane-peanut intercropping system 
245 0 |c Jody Moenandir 
260 |a Malang, Australia 
260 |b Univ. of Brawijaya 
260 |c 1985 
650 |a sugar-cane - weed control 
904 |i Nguyễn Quang Điền, 010911 
980 |a Trung tâm Học liệu Trường Đại học Cần Thơ